000 01349nam2a2200241 4500
001 rc\2829291
005 20260315045019.0
035 _a(NLR Aleph) 006987302
090 _a13571339
_c13571339
100 _a20110625d1930 u y0rusy50 ca
101 0 _arus
102 _aRU
105 _aa z |||||
200 0 _aПисьмо 2
210 _d1930
215 _a21 с.
_cил., черт.
461 0 _1001rc\2829289
_12000#$aПриемные детекторные радиоустановки$eПисьмо 1-$fИнж. И. Невяжский$gН.К.П.Т.-Р.П.Ф. Курсы заоч. обуч. при Политехникуме связи им. В.Н. Подбельского. Радиотд-ние, организационное и действующее при непосредственном участии Центр. бюро Инж.-техн. секции Союза связи и О-ва друзей радио СССР ...$vПисьмо 2
_95591609
_aЗаочный институт связи (Москва)
_c[Москва]
_d[1930]
_fИнж. И. Невяжский
_nБ. и.
_oПисьмо 1-
_tПриемные детекторные радиоустановки
_vПисьмо 2
700 1 _aНевяжский
_bИ.
801 0 _aRU
_bNLR
_gpsbo
801 1 _aRU
_bELAR
_2rusmarc
852 _aNLR
_j30.19/89
942 _cUNSPEC
980 _aNB